000 00894na a2200289 4500
001 15443
003 MIRAKIL
005 20181213155155.0
008 161019b tu 000 0
020 _a9944927139
035 _a15443
040 _aMilas
_btur
_cTR-AnCHP
041 _atur
082 _a327.955073
_bÖ91i 2006
090 _a327.955073 Ö91i 2006
100 _aÖzcan, Nihat Ali
245 _aİran sorununun geleceği
_bSenaryolar, bölgesel etkiler ve Türkiye'ye öneriler
_cNihat Ali Özcan
246 _aSenaryolar, bölgesel etkiler ve Türkiye'ye öneriler
260 _aAnkara
_b[yay.y.]
_c2006
300 _a50 s.
_c30 sm.
490 _aOrtadoğu Çalışmaları
_v1
651 _aİran
_xUluslararası ilişkiler
_yABD
651 _aİran
_xDış politika
651 _aİran
_xSiyaset ve yönetim
651 _aİran
_xTürkiye ilişkileri
942 _2dcc
_cBKS
999 _c7944
_d7944